| 000 | 00681cab a2200241 4500 | ||
|---|---|---|---|
| 001 | X2852 | ||
| 008 | 090401t1995 xxu||||| |||| 00| 0 eng d | ||
| 035 | _a(Sirsi) u26849 | ||
| 041 | _aeng | ||
| 100 | _aEpstein, P.C. | ||
| 245 | _aDedications and exactions: the Supreme Court levels the playing field | ||
| 260 | _c1995 | ||
| 350 | _a0 | ||
| 490 |
_aAppraisal Journal _vLXIII(4) October 1995, 453-456(4) |
||
| 650 | _a"DOLAN V CITY OF TIGARD" | ||
| 650 | _aDEDICATIONS AND EXACTIONS | ||
| 650 | _aPROPERTY DEVELOPMENT | ||
| 650 | _aPUBLIC ENTITIES | ||
| 650 | _aUNITED STATES OF AMERICA | ||
| 690 | _aPROPERTY LAW AND PRACTICE | ||
| 942 | _n0 | ||
| 948 | _c04/03/1997 | ||
| 999 |
_c18083 _d18083 |
||